Sports Quiz

Random Sports or Auto Racing Quiz

NASCAR Race Winners 2000s Quiz Stats

 Plays Quiz Updated Apr 17, 2015

Score 0/43 Timer 10:00
4 Plays Today
Wins Driver % Correct
47 winsJimmie Johnson
93.5%
33 winsJeff Gordon
92.6%
18 winsDale Earnhardt Jr.
90.9%
2 winsDale Earnhardt Sr.
89.8%
3 winsRobby Gordon
88.7%
34 winsTony Stewart
83.2%
16 winsKyle Busch
81.4%
20 winsKurt Busch
81.3%
9 winsMark Martin
68.7%
18 winsMatt Kenseth
68.2%
11 winsKevin Harvick
68%
16 winsCarl Edwards
64.4%
4 winsMichael Waltrip
63.8%
9 winsBobby Labonte
62.6%
1 winTerry Labonte
62.2%
6 winsRusty Wallace
60.6%
11 winsKasey Kahne
59.2%
8 winsDenny Hamlin
56.8%
13 winsRyan Newman
56%
10 winsDale Jarrett
54%
14 winsGreg Biffle
53.1%
10 winsJeff Burton
53%
Wins Driver % Correct
1 winJoey Logano
52.7%
4 winsWard Burton
52.4%
1 winBrad Keselowski
50.9%
1 winMartin Truex Jr.
49.9%
4 winsBill Elliott
49.6%
3 winsJamie McMurray
48.5%
1 winJuan Pablo Montoya
48.2%
4 winsSterling Marlin
46.4%
2 winsClint Bowyer
40.3%
3 winsRicky Rudd
39.8%
1 winCasey Mears
39.6%
3 winsElliott Sadler
38.7%
2 winsBrian Vickers
36.8%
4 winsJeremy Mayfield
36.3%
2 winsSteve Park
33.5%
3 winsJoe Nemechek
32.2%
2 winsRicky Craven
31.5%
1 winBobby Hamilton
25.6%
1 winDavid Reutimann
24.8%
1 winJohnny Benson
23.2%
1 winJerry Nadeau
22.2%

You're not logged in!

Compare scores with friends on all Sporcle quizzes.
OR
Log In

Sporcle TV

Today on Sporcle TV


Watch our educational content, quiz creation guides, and fun videos on Sporcle TV.

Show Comments

Extras

Top Quizzes Today


Score Distribution

Your Account Isn't Verified!

In order to create a playlist on Sporcle, you need to verify the email address you used during registration. Go to your Sporcle Settings to finish the process.

Report this User

Report this user for behavior that violates our Community Guidelines.

Details: